| 000 | nam a22 7a 4500 | ||
|---|---|---|---|
| 999 |
_c29594 _d29594 |
||
| 008 | 180424b xxu||||| |||| 00| 0 eng d | ||
| 020 | _a9781269769907 | ||
| 050 | _aHG 173 .D46 2015 | ||
| 100 | _aDeMotta, Professor Adolfo. | ||
| 245 |
_aPearson custom business resources: _cProfessor Adolfo DeMotta. |
||
| 260 |
_aCanada: _bPearson, _c2015. |
||
| 300 |
_aii, 458p.: _bill.; _c28cm. |
||
| 500 | _aInclude index. | ||
| 650 | _aFinance. | ||
| 942 |
_2lcc _cBOOKS _hHG 173 .D46 2015 |
||